The First 700 Years, Berlin: Its Fate and Mission (Record no. 750)

000 -LEADER
fixed length control field 00300nam a22001217a 4500
003 - CONTROL NUMBER IDENTIFIER
control field OSt
008 - FIXED-LENGTH DATA ELEMENTS--GENERAL INFORMATION
fixed length control field 150215b xxu||||| |||| 00| 0 eng d
041 ## - LANGUAGE CODE
Language code of text/sound track or separate title eng
100 1# - MAIN ENTRY--PERSONAL NAME
Personal name Wolfe, Fred S
245 10 - TITLE STATEMENT
Title The First 700 Years, Berlin: Its Fate and Mission
260 ## - PUBLICATION, DISTRIBUTION, ETC. (IMPRINT)
Name of publisher, distributor, etc. Wolfe , Fred dist
Date of publication, distribution, etc. 1974
300 ## - PHYSICAL DESCRIPTION
Extent 0 pages
Holdings
Withdrawn status Lost status Source of classification or shelving scheme Damaged status Not for loan Permanent Location Current Location Date acquired Total Checkouts Full call number Barcode Date last seen Copy number Price effective from Koha item type
          Northern Philatelic Library Northern Philatelic Library 02/15/2015   G6299 .B47 W855 1001169 06/28/2015 1 06/28/2015 Books
          Northern Philatelic Library Northern Philatelic Library 06/06/2016   G6299 .B47 W855 1002371 06/06/2016 2 06/06/2016  

Powered by Koha